01177cas a2200301 a 4500001000400000003000800004005001700012008004100029035002600070035001700096040005300113042000800166082002100174130005000195245006500245246005200310246007800362246001200440260008500452300001600537506003500553650003500588650003800623655002500661710006900686776005800755780006200813643BD-RjUL20211208233219.0131120c20059999bg fr p s 0 0eng c a(WaSeSS)ssj0000329368 a(BD-RjUL)661 aWaSeSSbengcCaNfSMdWaUdOCoLCdWaSeSSdBD-RjUL apcc 219a581.105bPTC0 aPlant tissue culture & biotechnology (Online)10aPlant tissue culture & biotechnologyh[electronic resource].13aJournal of plant tissue culture & biotechnology13aJournal (Bangladesh Association for Plant Tissue Culture & Biotechnology)13aPTC & B aDhaka :bBangladesh Association for Plant Tissue Culture & Biotechnology,c2005- aV. ;c24 cm aAccess limited to subscribers. 0aPlant physiologyvPeriodicals. 0aPlant biotechnologyvPeriodicals. 0aElectronic journals.2 aBangladesh Association for Plant Tissue Culture & Biotechnology.1 tPlant tissue culture & biotechnologyw(DLC)201025216100tPlant tissue culturew(DLC) 2010252165w(OCoLC)502149886